00451cam a2200193 a 45000010009000000050017000090080041000260100017000670200018000840400018001020410008001200420008001280430012001360800014001480820018001621000007001801010008001872450062001951705222620180314083848.0111121s2013 mauab 000 0deng  a 2011943904 a9781111831066 aDLCcDLCdDLC aeng apcc an-us--- a973 dav00a973 dav2231 a16 ahis14aThe American pageant :cDavid M. Kennedy, Lizabeth Cohen.